Where do worms go in winter? : (Record no. 358668)
[ view plain ]
| 000 -LEADER | |
|---|---|
| fixed length control field | 01704cam a22004218i 4500 |
| 001 - CONTROL NUMBER | |
| control field | 21659016 |
| 005 - DATE AND TIME OF LATEST TRANSACTION | |
| control field | 20210217135142.0 |
| 008 - FIXED-LENGTH DATA ELEMENTS--GENERAL INFORMATION | |
| fixed length control field | 200810s2021 mnu j b 001 0 eng |
| 010 ## - LIBRARY OF CONGRESS CONTROL NUMBER | |
| LC control number | 2020036422 |
| 020 ## - INTERNATIONAL STANDARD BOOK NUMBER | |
| International Standard Book Number | 9781977131676 |
| Qualifying information | (hardcover) |
| 020 ## - INTERNATIONAL STANDARD BOOK NUMBER | |
| International Standard Book Number | 9781977132741 |
| Qualifying information | (paperback) |
| 020 ## - INTERNATIONAL STANDARD BOOK NUMBER | |
| Cancelled/invalid ISBN | 9781977155337 |
| Qualifying information | (pdf) |
| 020 ## - INTERNATIONAL STANDARD BOOK NUMBER | |
| Cancelled/invalid ISBN | 9781977156952 |
| Qualifying information | (kindle edition) |
| 040 ## - CATALOGING SOURCE | |
| Original cataloging agency | DLC |
| Language of cataloging | eng |
| Description conventions | rda |
| Transcribing agency | DLC |
| Modifying agency | DLC |
| 042 ## - AUTHENTICATION CODE | |
| Authentication code | pcc |
| 050 00 - LIBRARY OF CONGRESS CALL NUMBER | |
| Classification number | QL386.6 |
| Item number | .L33 2021 |
| 082 00 - DEWEY DECIMAL CLASSIFICATION NUMBER | |
| Classification number | 592/.3 |
| Edition number | 23 |
| 092 ## - LOCALLY ASSIGNED DEWEY CALL NUMBER (OCLC) | |
| Classification number | E Bugs Lab |
| 100 1# - MAIN ENTRY--PERSONAL NAME | |
| Personal name | Labrecque, Ellen, |
| Relator term | author. |
| 9 (RLIN) | 6406002 |
| 245 10 - TITLE STATEMENT | |
| Title | Where do worms go in winter? : |
| Remainder of title | answering kids' questions / |
| Statement of responsibility, etc | by Ellen Labrecque. |
| 263 ## - PROJECTED PUBLICATION DATE | |
| Projected publication date | 2101 |
| 264 #1 - Production, Publication, Distribution, Manufacture, and Copyright Notice. | |
| Place of production, publication, distribution, manufacture | North Mankato, MN : |
| Name of producer, publisher, distributor, manufacturer | Pebble, |
| Date of production, publication, distribution, manufacture, or copyr | [2021] |
| 300 ## - PHYSICAL DESCRIPTION | |
| Extent | pages cm. |
| 336 ## - Content Type | |
| Content type term | text |
| 337 ## - Media type | |
| Media type term | unmediated |
| 338 ## - Carrier type | |
| Carrier type term | volume |
| 490 0# - SERIES STATEMENT | |
| Series statement | Questions and answers about animals |
| 504 ## - BIBLIOGRAPHY, ETC. NOTE | |
| Bibliography, etc | Includes bibliographical references and index. |
| 520 ## - SUMMARY, ETC. | |
| Summary, etc | "Birds have wings to fly somewhere warm in winter. But worms don't have wings or even any legs. Where do they go? You will learn all about worms and how they survive when the weather turns cold"-- |
| 521 ## - TARGET AUDIENCE NOTE | |
| Target audience note | Ages 6-8 |
| Source | Pebble |
| 521 ## - TARGET AUDIENCE NOTE | |
| Target audience note | Grades 2-3 |
| Source | Pebble |
| 650 #0 - SUBJECT ADDED ENTRY--TOPICAL TERM | |
| Topical term or geographic name as entry element | Worms |
| General subdivision | Wintering |
| Form subdivision | Juvenile literature. |
| 9 (RLIN) | 6406003 |
| 650 #0 - SUBJECT ADDED ENTRY--TOPICAL TERM | |
| Topical term or geographic name as entry element | Animals |
| General subdivision | Wintering |
| Form subdivision | Juvenile literature. |
| 9 (RLIN) | 5759768 |
| 776 08 - ADDITIONAL PHYSICAL FORM ENTRY | |
| Display text | Online version: |
| Main entry heading | Labrecque, Ellen, |
| Title | Where do worms go in winter? |
| Place, publisher, and date of publication | North Mankato : Pebble, 2021. |
| International Standard Book Number | 9781977155337 |
| Record control number | (DLC) 2020036423 |
| 906 ## - LOCAL DATA ELEMENT F, LDF (RLIN) | |
| a | 7 |
| b | rip |
| c | orignew |
| d | 1 |
| e | ecip |
| f | 20 |
| g | y-gencatlg |
| 942 ## - ADDED ENTRY ELEMENTS (KOHA) | |
| Source of classification or shelving scheme | Dewey Decimal Classification |
| Koha item type | BOOK |
| Withdrawn status | Lost status | Source of classification or shelving scheme | Damaged status | Not for loan | Collection code | Home library | Current library | Shelving location | Date acquired | Source of acquisition | Total Checkouts | Total Renewals | Full call number | Barcode | Date last seen | Date checked out | Cost, replacement price | Price effective from | Koha item type |
|---|---|---|---|---|---|---|---|---|---|---|---|---|---|---|---|---|---|---|---|
| Dewey Decimal Classification | Children NonFiction | Wasatch County Library | Wasatch County Library | Main Floor Childrens Area | 02/17/2021 | Penworthy | 8 | 10 | E Animals Bugs Labrecque | 34301001711623 | 01/06/2026 | 12/08/2025 | 20.99 | 02/17/2021 | BOOK |
